[Event "2023 Welsh Championship"]
[Site "Cardiff"]
[Date "2023.04.08"]
[Round "3"]
[Board "4"]
[White "Bullen, Alex"]
[Black "Hatchett, Paul"]
[Result "1/2-1/2"]
[WhiteElo "2157"]
[BlackElo "1967"]
[PlyCount "0"]
[EventDate "2023.04.07"]
[EventRounds "7"]
[EventCountry "WLS"]

1. d4 {[%clk 01:30:57]} {[%emt 00:00:02]} Nf6 {[%clk 01:30:42]} {[%emt
00:00:18]} 2. Nf3 {[%clk 01:31:17]} {[%emt 00:00:09]} g6 {[%clk 01:30:42]}
{[%emt 00:00:30]} 3. Nbd2 {[%clk 01:31:38]} {[%emt 00:00:09]} Bg7 {[%clk
01:30:36]} {[%emt 00:00:36]} 4. e4 {[%clk 01:31:57]} {[%emt 00:00:11]} O-O
{[%clk 01:29:22]} {[%emt 00:01:43]} 5. Bd3 {[%clk 01:32:21]} {[%emt 00:00:07]}
d6 {[%clk 01:29:04]} {[%emt 00:00:49]} 6. O-O {[%clk 01:32:37]} {[%emt
00:00:14]} Nc6 {[%clk 01:26:45]} {[%emt 00:02:49]} 7. Re1 {[%clk 01:32:52]}
{[%emt 00:00:14]} Nd7 {[%clk 01:27:08]} {[%emt 00:00:07]} 8. c3 {[%clk
01:31:22]} {[%emt 00:02:00]} e5 {[%clk 01:27:22]} {[%emt 00:00:16]} 9. Nb3
{[%clk 01:30:55]} {[%emt 00:00:57]} h6 {[%clk 01:20:23]} {[%emt 00:07:29]} 10.
Be3 {[%clk 01:24:41]} {[%emt 00:06:44]} f5 {[%clk 01:14:09]} {[%emt 00:06:44]}
11. exf5 {[%clk 01:23:00]} {[%emt 00:02:11]} gxf5 {[%clk 01:14:32]} {[%emt
00:00:07]} 12. dxe5 {[%clk 01:21:13]} {[%emt 00:02:16]} dxe5 {[%clk 01:11:46]}
{[%emt 00:03:17]} 13. Bc4+ {[%clk 01:20:12]} {[%emt 00:01:32]} Kh7 {[%clk
01:09:10]} {[%emt 00:03:05]} 14. Nc5 {[%clk 01:16:14]} {[%emt 00:04:27]} Nb6
{[%clk 00:57:24]} {[%emt 00:12:16]} 15. Qxd8 {[%clk 00:54:15]} {[%emt
00:22:28]} Nxd8 {[%clk 00:47:22]} {[%emt 00:10:34]} 16. Bb3 {[%clk 00:52:32]}
{[%emt 00:02:13]} f4 {[%clk 00:32:43]} {[%emt 00:15:09]} 17. Bd2 {[%clk
00:49:42]} {[%emt 00:03:19]} Nc6 {[%clk 00:33:09]} {[%emt 00:00:04]} 18. Rad1
{[%clk 00:48:35]} {[%emt 00:01:37]} Rb8 {[%clk 00:27:21]} {[%emt 00:06:19]} 19.
h3 {[%clk 00:42:25]} {[%emt 00:06:39]} Rd8 {[%clk 00:21:00]} {[%emt 00:06:52]}
20. Bc1 {[%clk 00:39:39]} {[%emt 00:03:16]} Rxd1 {[%clk 00:19:54]} {[%emt
00:01:35]} 21. Bc2+ {[%clk 00:38:40]} {[%emt 00:01:29]} Kh8 {[%clk 00:18:13]}
{[%emt 00:02:11]} 22. Rxd1 {[%clk 00:39:03]} {[%emt 00:00:08]} Nc4 {[%clk
00:16:47]} {[%emt 00:01:56]} 23. b3 {[%clk 00:37:10]} {[%emt 00:02:23]} Nd6
{[%clk 00:16:51]} {[%emt 00:00:25]} 24. Bb2 {[%clk 00:29:29]} {[%emt 00:08:11]}
b6 {[%clk 00:16:15]} {[%emt 00:01:07]} 25. Ne4 {[%clk 00:29:42]} {[%emt
00:00:16]} Bf5 {[%clk 00:16:37]} {[%emt 00:00:09]} 26. Nfd2 {[%clk 00:25:52]}
{[%emt 00:04:20]} Nf7 {[%clk 00:15:30]} {[%emt 00:01:37]} 27. Kf1 {[%clk
00:22:31]} {[%emt 00:03:50]} Bh7 {[%clk 00:12:02]} {[%emt 00:03:58]} 28. f3
{[%clk 00:17:58]} {[%emt 00:05:03]} Ne7 {[%clk 00:12:23]} {[%emt 00:00:10]} 29.
Nc4 {[%clk 00:16:16]} {[%emt 00:02:12]} Rd8 {[%clk 00:11:32]} {[%emt 00:01:21]}
30. Ke2 {[%clk 00:11:52]} {[%emt 00:04:54]} Nd5 {[%clk 00:09:11]} {[%emt
00:02:52]} 31. Kf2 {[%clk 00:07:51]} {[%emt 00:04:31]} c6 {[%clk 00:08:16]}
{[%emt 00:01:25]} 32. a4 {[%clk 00:04:21]} {[%emt 00:04:00]} Bf8 {[%clk
00:05:18]} {[%emt 00:03:28]} 33. b4 {[%clk 00:04:17]} {[%emt 00:00:34]} b5
{[%clk 00:05:01]} {[%emt 00:00:46]} 34. axb5 {[%clk 00:04:32]} {[%emt
00:00:17]} cxb5 {[%clk 00:05:28]} {[%emt 00:00:03]} 35. Na5 {[%clk 00:04:09]}
{[%emt 00:00:52]} Ne3 {[%clk 00:05:14]} {[%emt 00:00:44]} 36. Rxd8 {[%clk
00:04:24]} {[%emt 00:00:15]} Nxd8 {[%clk 00:05:41]} {[%emt 00:00:03]} 37. Bb3
{[%clk 00:03:36]} {[%emt 00:01:18]} Bg8 {[%clk 00:05:32]} {[%emt 00:00:38]} 38.
Bc1 {[%clk 00:02:29]} {[%emt 00:01:37]} Nd5 {[%clk 00:02:05]} {[%emt 00:03:56]}
39. Bb2 {[%clk 00:02:44]} {[%emt 00:00:15]} Ne3 {[%clk 00:02:27]} {[%emt
00:00:10]} 40. Bc1 {[%clk 00:03:08]} {[%emt 00:00:06]} Nd5 {[%clk 00:02:53]}
{[%emt 00:00:03]} 41. Ke2 {[%clk 00:26:05]} {[%emt 00:07:33]} Be6 {[%clk
00:31:48]} {[%emt 00:01:35]} 42. Kd3 {[%clk 00:24:51]} {[%emt 00:01:45]} Be7
{[%clk 00:30:06]} {[%emt 00:02:11]} 43. Bd2 {[%clk 00:25:00]} {[%emt 00:00:22]}
Kg7 {[%clk 00:30:19]} {[%emt 00:00:17]} 44. Bxd5 {[%clk 00:23:20]} {[%emt
00:02:10]} Bxd5 {[%clk 00:30:42]} {[%emt 00:00:06]} 45. c4 {[%clk 00:23:38]}
{[%emt 00:00:12]} bxc4+ {[%clk 00:29:17]} {[%emt 00:01:55]} 46. Nxc4 {[%clk
00:24:00]} {[%emt 00:00:08]} Nc6 {[%clk 00:29:43]} {[%emt 00:00:04]} 47. b5
{[%clk 00:22:38]} {[%emt 00:01:52]} Nd4 {[%clk 00:24:58]} {[%emt 00:05:14]} 48.
Bxf4 {[%clk 00:20:54]} {[%emt 00:02:15]} Nxb5 {[%clk 00:25:18]} {[%emt
00:00:10]} 49. Bxe5+ {[%clk 00:20:45]} {[%emt 00:00:39]} Kf7 {[%clk 00:25:14]}
{[%emt 00:00:34]} 50. Nc3 {[%clk 00:19:38]} {[%emt 00:01:37]} Nxc3 {[%clk
00:24:18]} {[%emt 00:01:26]} 51. Bxc3 {[%clk 00:19:22]} {[%emt 00:00:47]} h5
{[%clk 00:22:46]} {[%emt 00:02:02]} 52. Ne5+ {[%clk 00:19:24]} {[%emt
00:00:28]} Ke6 {[%clk 00:20:08]} {[%emt 00:03:08]} 53. Ng6 {[%clk 00:19:39]}
{[%emt 00:00:15]} Bd6 {[%clk 00:20:33]} {[%emt 00:00:05]} 54. Bd2 {[%clk
00:19:56]} {[%emt 00:00:13]} Kf5 {[%clk 00:19:26]} {[%emt 00:01:36]} 55. Nh4+
{[%clk 00:19:52]} {[%emt 00:00:34]} Kf6 {[%clk 00:19:16]} {[%emt 00:00:40]} 56.
f4 {[%clk 00:19:54]} {[%emt 00:00:28]} a5 {[%clk 00:18:41]} {[%emt 00:01:06]}
57. Bc3+ {[%clk 00:18:29]} {[%emt 00:01:55]} Kf7 {[%clk 00:17:37]} {[%emt
00:01:33]} 58. f5 {[%clk 00:16:20]} {[%emt 00:02:40]} Bg3 {[%clk 00:15:26]}
{[%emt 00:02:41]} 59. Bxa5 {[%clk 00:13:25]} {[%emt 00:03:25]} Bxh4 {[%clk
00:15:17]} {[%emt 00:00:39]} 60. g4 {[%clk 00:13:53]} {[%emt 00:00:02]} hxg4
{[%clk 00:14:08]} {[%emt 00:01:39]} 61. hxg4 {[%clk 00:14:21]} {[%emt
00:00:02]} Bf3 {[%clk 00:14:11]} {[%emt 00:00:27]} 62. Bc3 {[%clk 00:14:31]}
{[%emt 00:00:20]} Bxg4 {[%clk 00:14:33]} {[%emt 00:00:08]} 63. f6 {[%clk
00:14:55]} {[%emt 00:00:07]}  1/2-1/2

[Event "2023 Welsh Championship"]
[Site "Cardiff"]
[Date "2023.04.08"]
[Round "3"]
[Board "5"]
[White "Smith, Lynda"]
[Black "Kett, Tim"]
[Result "0-1"]
[WhiteElo "1786"]
[BlackElo "2090"]
[PlyCount "0"]
[EventDate "2023.04.07"]
[EventRounds "7"]
[EventCountry "WLS"]

1. e4 {[%clk 01:30:55]} {[%emt 00:00:04]} d6 {[%clk 01:28:09]} {[%emt
00:02:51]} 2. d4 {[%clk 01:30:48]} {[%emt 00:00:37]} Nf6 {[%clk 01:28:27]}
{[%emt 00:00:11]} 3. Nc3 {[%clk 01:31:08]} {[%emt 00:00:10]} c6 {[%clk
01:28:46]} {[%emt 00:00:11]} 4. f4 {[%clk 01:31:04]} {[%emt 00:00:34]} Qa5
{[%clk 01:27:03]} {[%emt 00:02:12]} 5. Bd2 {[%clk 01:28:59]} {[%emt 00:02:35]}
e5 {[%clk 01:27:00]} {[%emt 00:00:33]} 6. dxe5 {[%clk 01:19:39]} {[%emt
00:09:51]} dxe5 {[%clk 01:26:45]} {[%emt 00:00:44]} 7. fxe5 {[%clk 01:18:44]}
{[%emt 00:01:26]} Ng4 {[%clk 01:22:25]} {[%emt 00:04:49]} 8. Nf3 {[%clk
01:15:06]} {[%emt 00:04:09]} Bc5 {[%clk 01:05:34]} {[%emt 00:17:20]} 9. Bc4
{[%clk 01:09:10]} {[%emt 00:06:26]} O-O {[%clk 00:56:49]} {[%emt 00:09:16]} 10.
Rf1 {[%clk 01:05:19]} {[%emt 00:04:21]} b5 {[%clk 00:51:33]} {[%emt 00:05:46]}
11. Bd3 {[%clk 00:58:03]} {[%emt 00:07:46]} b4 {[%clk 00:49:44]} {[%emt
00:02:18]} 12. Qe2 {[%clk 00:49:20]} {[%emt 00:09:13]} bxc3 {[%clk 00:49:42]}
{[%emt 00:00:32]} 13. Bxc3 {[%clk 00:49:43]} {[%emt 00:00:07]} Bb4 {[%clk
00:49:40]} {[%emt 00:00:32]} 14. Bxb4 {[%clk 00:49:19]} {[%emt 00:00:54]} Qxb4+
{[%clk 00:50:05]} {[%emt 00:00:05]} 15. c3 {[%clk 00:48:17]} {[%emt 00:01:33]}
Qc5 {[%clk 00:46:36]} {[%emt 00:03:58]} 16. h3 {[%clk 00:46:12]} {[%emt
00:02:35]} Nxe5 {[%clk 00:46:20]} {[%emt 00:00:46]} 17. Nxe5 {[%clk 00:46:36]}
{[%emt 00:00:07]} Qxe5 {[%clk 00:46:45]} {[%emt 00:00:04]} 18. O-O-O {[%clk
00:46:50]} {[%emt 00:00:16]} Be6 {[%clk 00:46:06]} {[%emt 00:01:07]} 19. Kb1
{[%clk 00:45:36]} {[%emt 00:01:45]} Nd7 {[%clk 00:45:08]} {[%emt 00:01:27]} 20.
Bc4 {[%clk 00:45:31]} {[%emt 00:00:36]} Nc5 {[%clk 00:35:42]} {[%emt 00:09:55]}
21. Rd4 {[%clk 00:43:30]} {[%emt 00:02:32]} Rad8 {[%clk 00:34:03]} {[%emt
00:02:08]} 22. Bxe6 {[%clk 00:42:48]} {[%emt 00:01:13]} fxe6 {[%clk 00:32:33]}
{[%emt 00:01:59]} 23. Rfd1 {[%clk 00:40:03]} {[%emt 00:03:16]} Rxd4 {[%clk
00:32:16]} {[%emt 00:00:47]} 24. Rxd4 {[%clk 00:39:49]} {[%emt 00:00:45]} Rf4
{[%clk 00:29:14]} {[%emt 00:03:31]} 25. Qd1 {[%clk 00:37:10]} {[%emt 00:03:09]}
Rxe4 {[%clk 00:27:13]} {[%emt 00:02:31]} 26. Rd8+ {[%clk 00:36:32]} {[%emt
00:01:08]} Kf7 {[%clk 00:27:38]} {[%emt 00:00:05]} 27. Rd7+ {[%clk 00:35:24]}
{[%emt 00:01:39]} Nxd7 {[%clk 00:27:36]} {[%emt 00:00:31]} 28. Qxd7+ {[%clk
00:35:50]} {[%emt 00:00:04]} Kg6 {[%clk 00:27:52]} {[%emt 00:00:13]} 29. Qe8+
{[%clk 00:36:05]} {[%emt 00:00:16]} Kh6 {[%clk 00:28:12]} {[%emt 00:00:10]}  0-1

[Event "2023 Welsh Championship"]
[Site "Cardiff"]
[Date "2023.04.08"]
[Round "3"]
[Board "6"]
[White "Musson, Adam J"]
[Black "Turner, Joseph David"]
[Result "1-0"]
[WhiteElo "2002"]
[BlackElo "1862"]
[PlyCount "0"]
[EventDate "2023.04.07"]
[EventRounds "7"]
[EventCountry "WLS"]

1. e4 {[%clk 01:30:54]} {[%emt 00:00:04]} e5 {[%clk 01:30:59]} {[%emt
00:00:02]} 2. Nf3 {[%clk 01:31:16]} {[%emt 00:00:08]} Nc6 {[%clk 01:31:24]}
{[%emt 00:00:05]} 3. Bb5 {[%clk 01:31:23]} {[%emt 00:00:23]} Nd4 {[%clk
01:31:32]} {[%emt 00:00:22]} 4. Nxd4 {[%clk 01:31:31]} {[%emt 00:00:23]} exd4
{[%clk 01:31:59]} {[%emt 00:00:03]} 5. d3 {[%clk 01:31:33]} {[%emt 00:00:26]}
c6 {[%clk 01:32:19]} {[%emt 00:00:11]} 6. Bc4 {[%clk 01:31:56]} {[%emt
00:00:07]} Nf6 {[%clk 01:32:02]} {[%emt 00:00:47]} 7. O-O {[%clk 01:31:01]}
{[%emt 00:01:25]} d5 {[%clk 01:31:09]} {[%emt 00:01:23]} 8. exd5 {[%clk
01:29:17]} {[%emt 00:02:14]} Nxd5 {[%clk 01:30:02]} {[%emt 00:01:37]} 9. Re1+
{[%clk 01:29:06]} {[%emt 00:00:40]} Be7 {[%clk 01:28:44]} {[%emt 00:01:49]} 10.
Qh5 {[%clk 01:22:17]} {[%emt 00:07:19]} O-O {[%clk 01:22:56]} {[%emt 00:06:18]}
11. Bxd5 {[%clk 01:21:20]} {[%emt 00:01:26]} cxd5 {[%clk 01:20:21]} {[%emt
00:03:05]} 12. Nd2 {[%clk 01:20:10]} {[%emt 00:01:40]} g6 {[%clk 01:14:19]}
{[%emt 00:06:32]} 13. Qe5 {[%clk 01:16:27]} {[%emt 00:04:12]} Bf6 {[%clk
01:12:44]} {[%emt 00:02:05]} 14. Qf4 {[%clk 01:15:52]} {[%emt 00:01:05]} Bg7
{[%clk 01:03:30]} {[%emt 00:09:44]} 15. b3 {[%clk 01:12:02]} {[%emt 00:04:20]}
Qa5 {[%clk 00:58:25]} {[%emt 00:05:34]} 16. Bb2 {[%clk 01:10:48]} {[%emt
00:01:46]} Bd7 {[%clk 00:55:28]} {[%emt 00:03:27]} 17. Nf3 {[%clk 00:58:53]}
{[%emt 00:12:24]} Rfe8 {[%clk 00:49:57]} {[%emt 00:06:01]} 18. Rec1 {[%clk
00:49:33]} {[%emt 00:09:50]} Re2 {[%clk 00:42:32]} {[%emt 00:07:55]} 19. Bxd4
{[%clk 00:47:58]} {[%emt 00:02:05]} Rae8 {[%clk 00:42:17]} {[%emt 00:00:45]} 20.
Bxg7 {[%clk 00:41:35]} {[%emt 00:06:54]} Kxg7 {[%clk 00:42:31]} {[%emt
00:00:17]} 21. b4 {[%clk 00:41:46]} {[%emt 00:00:18]} Qa3 {[%clk 00:31:00]}
{[%emt 00:12:00]} 22. Nd4 {[%clk 00:38:26]} {[%emt 00:03:51]} R2e5 {[%clk
00:30:59]} {[%emt 00:00:31]} 23. Nb3 {[%clk 00:31:24]} {[%emt 00:07:32]} g5
{[%clk 00:28:05]} {[%emt 00:03:24]} 24. Qd2 {[%clk 00:27:29]} {[%emt 00:04:25]}
f6 {[%clk 00:27:55]} {[%emt 00:00:40]} 25. h3 {[%clk 00:25:38]} {[%emt
00:02:21]} Re2 {[%clk 00:26:36]} {[%emt 00:01:48]} 26. Qc3 {[%clk 00:21:57]}
{[%emt 00:04:12]} Rc8 {[%clk 00:23:53]} {[%emt 00:03:13]} 27. Qd4 {[%clk
00:22:14]} {[%emt 00:00:14]} Rcxc2 {[%clk 00:16:14]} {[%emt 00:08:10]} 28. Rxc2
{[%clk 00:22:24]} {[%emt 00:00:20]} Rxc2 {[%clk 00:16:42]} {[%emt 00:00:02]} 29.
Re1 {[%clk 00:22:42]} {[%emt 00:00:11]} Bc6 {[%clk 00:15:04]} {[%emt 00:02:06]}
30. Re7+ {[%clk 00:22:34]} {[%emt 00:00:40]} Kg6 {[%clk 00:15:21]} {[%emt
00:00:13]} 31. Re6 {[%clk 00:22:45]} {[%emt 00:00:20]} Qb2 {[%clk 00:15:09]}
{[%emt 00:00:42]} 32. Rxf6+ {[%clk 00:18:43]} {[%emt 00:04:32]} Kg7 {[%clk
00:15:31]} {[%emt 00:00:08]} 33. Rxc6+ {[%clk 00:18:03]} {[%emt 00:01:10]} Qxd4
{[%clk 00:15:59]} {[%emt 00:00:02]} 34. Nxd4 {[%clk 00:18:15]} {[%emt
00:00:18]} Rxc6 {[%clk 00:16:25]} {[%emt 00:00:04]} 35. Nxc6 {[%clk 00:18:40]}
{[%emt 00:00:06]} bxc6 {[%clk 00:16:52]} {[%emt 00:00:03]} 36. d4 {[%clk
00:17:54]} {[%emt 00:01:15]} Kf6 {[%clk 00:17:12]} {[%emt 00:00:10]} 37. g4
{[%clk 00:18:18]} {[%emt 00:00:06]} Ke6 {[%clk 00:16:59]} {[%emt 00:00:43]} 38.
Kf1 {[%clk 00:18:40]} {[%emt 00:00:08]} Kd6 {[%clk 00:16:51]} {[%emt 00:00:39]}
39. Ke2 {[%clk 00:19:04]} {[%emt 00:00:06]} Kc7 {[%clk 00:15:25]} {[%emt
00:01:56]} 40. Ke3 {[%clk 00:18:42]} {[%emt 00:00:52]} Kb6 {[%clk 00:15:43]}
{[%emt 00:00:13]} 41. f4 {[%clk 00:19:02]} {[%emt 00:00:09]} gxf4+ {[%clk
00:16:06]} {[%emt 00:00:07]} 42. Kxf4 {[%clk 00:19:30]} {[%emt 00:00:02]} Kb5
{[%clk 00:16:16]} {[%emt 00:00:21]} 43. a3 {[%clk 00:16:02]} {[%emt 00:03:58]}
Ka4 {[%clk 00:16:30]} {[%emt 00:00:15]} 44. g5 {[%clk 00:16:28]} {[%emt
00:00:04]} Kxa3 {[%clk 00:16:50]} {[%emt 00:00:10]} 45. h4 {[%clk 00:16:52]}
{[%emt 00:00:05]} Kxb4 {[%clk 00:17:17]} {[%emt 00:00:04]} 46. h5 {[%clk
00:17:17]} {[%emt 00:00:04]} a5 {[%clk 00:17:28]} {[%emt 00:00:20]} 47. g6
{[%clk 00:17:42]} {[%emt 00:00:05]} hxg6 {[%clk 00:17:42]} {[%emt 00:00:16]} 48.
hxg6 {[%clk 00:18:07]} {[%emt 00:00:05]} a4 {[%clk 00:16:44]} {[%emt 00:01:28]}
49. g7 {[%clk 00:18:32]} {[%emt 00:00:05]} a3 {[%clk 00:16:59]} {[%emt
00:00:16]} 50. g8=Q {[%clk 00:18:55]} {[%emt 00:00:07]} a2 {[%clk 00:16:45]}
{[%emt 00:00:43]} 51. Qg1 {[%clk 00:19:19]} {[%emt 00:00:06]}  1-0

[Event "2023 Welsh Championship"]
[Site "Cardiff"]
[Date "2023.04.08"]
[Round "3"]
[Board "7"]
[White "Mckenna, Joshua"]
[Black "Fathallah, Joe"]
[Result "0-1"]
[WhiteElo "1688"]
[BlackElo "1980"]
[PlyCount "0"]
[EventDate "2023.04.07"]
[EventRounds "7"]
[EventCountry "WLS"]

1. e4 {[%clk 01:30:57]} {[%emt 00:00:02]} e6 {[%clk 01:30:54]} {[%emt
00:00:07]} 2. d3 {[%clk 01:30:49]} {[%emt 00:00:38]} d5 {[%clk 01:31:18]}
{[%emt 00:00:06]} 3. Nd2 {[%clk 01:31:03]} {[%emt 00:00:16]} c5 {[%clk
01:31:30]} {[%emt 00:00:18]} 4. Ngf3 {[%clk 01:30:37]} {[%emt 00:00:56]} Nf6
{[%clk 01:31:37]} {[%emt 00:00:23]} 5. e5 {[%clk 01:29:41]} {[%emt 00:01:26]}
Nfd7 {[%clk 01:32:00]} {[%emt 00:00:07]} 6. g3 {[%clk 01:29:17]} {[%emt
00:00:54]} Nc6 {[%clk 01:31:31]} {[%emt 00:00:59]} 7. Qe2 {[%clk 01:28:31]}
{[%emt 00:01:15]} Qc7 {[%clk 01:30:46]} {[%emt 00:01:15]} 8. Bg2 {[%clk
01:25:11]} {[%emt 00:03:50]} Ndxe5 {[%clk 01:28:55]} {[%emt 00:02:21]} 9. Nxe5
{[%clk 01:22:34]} {[%emt 00:03:07]} Qxe5 {[%clk 01:28:55]} {[%emt 00:00:31]} 10.
Qxe5 {[%clk 01:21:13]} {[%emt 00:01:50]} Nxe5 {[%clk 01:29:17]} {[%emt
00:00:08]} 11. O-O {[%clk 01:21:36]} {[%emt 00:00:07]} Bd6 {[%clk 01:25:50]}
{[%emt 00:03:57]} 12. Re1 {[%clk 01:20:05]} {[%emt 00:02:01]} O-O {[%clk
01:25:12]} {[%emt 00:01:08]} 13. Nb3 {[%clk 01:19:17]} {[%emt 00:01:18]} c4
{[%clk 01:18:40]} {[%emt 00:07:02]} 14. dxc4 {[%clk 01:16:36]} {[%emt
00:03:11]} Nxc4 {[%clk 01:15:09]} {[%emt 00:04:02]} 15. Nd4 {[%clk 01:14:30]}
{[%emt 00:02:36]} Bd7 {[%clk 01:12:21]} {[%emt 00:03:19]} 16. b3 {[%clk
01:12:48]} {[%emt 00:02:11]} Nb6 {[%clk 01:11:25]} {[%emt 00:01:26]} 17. Bb2
{[%clk 01:12:29]} {[%emt 00:00:49]} Rac8 {[%clk 01:08:41]} {[%emt 00:03:13]} 18.
Rac1 {[%clk 01:09:27]} {[%emt 00:03:32]} e5 {[%clk 01:02:33]} {[%emt 00:06:38]}
19. Nf3 {[%clk 01:06:03]} {[%emt 00:03:53]} f6 {[%clk 01:02:15]} {[%emt
00:00:48]} 20. Nd2 {[%clk 01:03:55]} {[%emt 00:02:38]} Bc6 {[%clk 00:59:04]}
{[%emt 00:03:41]} 21. Bh3 {[%clk 01:00:33]} {[%emt 00:03:52]} Bd7 {[%clk
00:55:30]} {[%emt 00:04:05]} 22. Bg2 {[%clk 01:00:28]} {[%emt 00:00:35]} Rc7
{[%clk 00:54:07]} {[%emt 00:01:53]} 23. a4 {[%clk 00:59:31]} {[%emt 00:01:27]}
a5 {[%clk 00:50:44]} {[%emt 00:03:54]} 24. Red1 {[%clk 00:55:56]} {[%emt
00:04:04]} Be6 {[%clk 00:43:51]} {[%emt 00:07:23]} 25. Ne4 {[%clk 00:50:43]}
{[%emt 00:05:43]} Be7 {[%clk 00:40:34]} {[%emt 00:03:48]} 26. Nc3 {[%clk
00:48:16]} {[%emt 00:02:56]} Rfc8 {[%clk 00:38:44]} {[%emt 00:02:21]} 27. Bxd5
{[%clk 00:36:33]} {[%emt 00:12:14]} Nxd5 {[%clk 00:37:06]} {[%emt 00:02:08]} 28.
Rxd5 {[%clk 00:35:09]} {[%emt 00:01:53]} Rxc3 {[%clk 00:36:59]} {[%emt
00:00:37]} 29. Rxa5 {[%clk 00:34:46]} {[%emt 00:00:53]} Rxc2 {[%clk 00:36:54]}
{[%emt 00:00:35]} 30. Rb1 {[%clk 00:33:43]} {[%emt 00:01:33]} Bh3 {[%clk
00:36:32]} {[%emt 00:00:52]}  0-1

[Event "2023 Welsh Championship"]
[Site "Cardiff"]
[Date "2023.04.08"]
[Round "3"]
[Board "8"]
[White "Pleasants, Allan J"]
[Black "Fowler, Hugo"]
[Result "0-1"]
[WhiteElo "1975"]
[BlackElo "1890"]
[PlyCount "0"]
[EventDate "2023.04.07"]
[EventRounds "7"]
[EventCountry "WLS"]

1. d4 {[%clk 01:30:56]} {[%emt 00:00:02]} d5 {[%clk 01:30:17]} {[%emt
00:00:44]} 2. Nf3 {[%clk 01:31:20]} {[%emt 00:00:07]} Nf6 {[%clk 01:30:41]}
{[%emt 00:00:05]} 3. e3 {[%clk 01:30:58]} {[%emt 00:00:52]} c5 {[%clk
01:31:01]} {[%emt 00:00:11]} 4. b3 {[%clk 01:30:26]} {[%emt 00:01:01]} cxd4
{[%clk 01:28:54]} {[%emt 00:02:37]} 5. exd4 {[%clk 01:29:16]} {[%emt 00:01:40]}
Nc6 {[%clk 01:28:34]} {[%emt 00:00:50]} 6. Bd3 {[%clk 01:15:16]} {[%emt
00:14:29]} Bg4 {[%clk 01:19:05]} {[%emt 00:10:00]} 7. Bb2 {[%clk 01:14:40]}
{[%emt 00:01:06]} e6 {[%clk 01:16:00]} {[%emt 00:03:35]} 8. a3 {[%clk
01:10:05]} {[%emt 00:05:05]} Be7 {[%clk 01:06:50]} {[%emt 00:09:40]} 9. Nbd2
{[%clk 01:09:41]} {[%emt 00:00:54]} O-O {[%clk 01:01:16]} {[%emt 00:06:04]} 10.
O-O {[%clk 01:09:15]} {[%emt 00:00:56]} Rc8 {[%clk 00:56:05]} {[%emt 00:05:42]}
11. Qe1 {[%clk 01:06:30]} {[%emt 00:03:14]} Qb6 {[%clk 00:43:31]} {[%emt
00:13:05]} 12. Qe3 {[%clk 00:56:00]} {[%emt 00:11:00]} Rfd8 {[%clk 00:41:50]}
{[%emt 00:02:11]} 13. Rfe1 {[%clk 00:54:07]} {[%emt 00:02:22]} Bh5 {[%clk
00:39:26]} {[%emt 00:02:54]} 14. Ng5 {[%clk 00:32:36]} {[%emt 00:22:01]} h6
{[%clk 00:18:59]} {[%emt 00:20:58]} 15. Ngf3 {[%clk 00:29:55]} {[%emt
00:03:09]} Ng4 {[%clk 00:16:06]} {[%emt 00:03:25]} 16. Qe2 {[%clk 00:28:53]}
{[%emt 00:01:31]} e5 {[%clk 00:16:34]} {[%emt 00:00:03]} 17. Bf5 {[%clk
00:23:42]} {[%emt 00:05:41]} e4 {[%clk 00:06:49]} {[%emt 00:10:14]} 18. Bxc8
{[%clk 00:22:49]} {[%emt 00:01:24]} Rxc8 {[%clk 00:07:18]} {[%emt 00:00:02]} 19.
Nxe4 {[%clk 00:18:04]} {[%emt 00:05:13]} dxe4 {[%clk 00:07:46]} {[%emt
00:00:03]} 20. Qxe4 {[%clk 00:18:24]} {[%emt 00:00:10]} Nf6 {[%clk 00:07:07]}
{[%emt 00:01:08]} 21. Qf5 {[%clk 00:16:22]} {[%emt 00:02:32]} Rd8 {[%clk
00:06:15]} {[%emt 00:01:23]} 22. Rad1 {[%clk 00:15:31]} {[%emt 00:01:20]} Bg6
{[%clk 00:05:21]} {[%emt 00:01:24]} 23. Qf4 {[%clk 00:14:21]} {[%emt 00:01:40]}
Bxc2 {[%clk 00:05:37]} {[%emt 00:00:15]} 24. Rc1 {[%clk 00:13:13]} {[%emt
00:01:37]} Qxb3 {[%clk 00:04:03]} {[%emt 00:02:05]} 25. Ne5 {[%clk 00:11:21]}
{[%emt 00:02:22]} Nxe5 {[%clk 00:02:58]} {[%emt 00:01:35]} 26. dxe5 {[%clk
00:11:08]} {[%emt 00:00:43]} Nh5 {[%clk 00:01:30]} {[%emt 00:01:58]} 27. Qg4
{[%clk 00:10:44]} {[%emt 00:00:54]} Qxb2 {[%clk 00:01:39]} {[%emt 00:00:21]} 28.
Qxh5 {[%clk 00:10:56]} {[%emt 00:00:17]} Bxa3 {[%clk 00:01:11]} {[%emt
00:00:59]} 29. Ra1 {[%clk 00:08:09]} {[%emt 00:03:17]} Bb4 {[%clk 00:01:09]}
{[%emt 00:00:33]} 30. Qh4 {[%clk 00:05:32]} {[%emt 00:03:06]} Re8 {[%clk
00:01:26]} {[%emt 00:00:13]}  0-1